T. S. Eliot: (Record no. 75025)

MARC details
000 -LEADER
fixed length control field 00715cam a22002291 4500
001 - CONTROL NUMBER
control field sa 67005198
003 - CONTROL NUMBER IDENTIFIER
control field DLC
005 - DATE AND TIME OF LATEST TRANSACTION
control field 20260227112354.0
008 - FIXED-LENGTH DATA ELEMENTS--GENERAL INFORMATION
fixed length control field 771214s1965 ii 000 0 eng
010 ## - LIBRARY OF CONGRESS CONTROL NUMBER
LC control number sa 67005198
035 ## - SYSTEM CONTROL NUMBER
System control number (OCoLC)3492564
040 ## - CATALOGING SOURCE
Original cataloging agency DLC
Transcribing agency NmLcU
Modifying agency OCoLC
-- DLC
050 00 - LIBRARY OF CONGRESS CALL NUMBER
Classification number PS3509.L43
Item number Z896
100 1# - MAIN ENTRY--PERSONAL NAME
Personal name Williams, Haydn Moore.
245 00 - TITLE STATEMENT
Title T. S. Eliot:
Remainder of title The waste land and other poems.
250 ## - EDITION STATEMENT
Edition statement [1st ed.]
260 ## - PUBLICATION, DISTRIBUTION, ETC.
Place of publication, distribution, etc. Calcutta,
Name of publisher, distributor, etc. K. L. Mukhopadhyay,
Date of publication, distribution, etc. 1965.
300 ## - PHYSICAL DESCRIPTION
Extent 152 p.
Dimensions 19 cm.
490 0# - SERIES STATEMENT
Series statement Discussion books on English literature,
Volume/sequential designation 1
504 ## - BIBLIOGRAPHY, ETC. NOTE
Bibliography, etc. note Bibliography: p. [151]-152.
600 10 - SUBJECT ADDED ENTRY--PERSONAL NAME
Personal name Eliot, T. S.
Fuller form of name (Thomas Stearns),
Dates associated with a name 1888-1965
General subdivision Criticism and interpretation.

No items available.

Powered by Koha